Normal view
MARC view
Entry Personal Name
001 - CONTROL NUMBER
- control field: 31155
003 - CONTROL NUMBER IDENTIFIER
- control field: dpl
005 - DATE AND TIME OF LATEST TRANSACTION
- control field: 20110803164429.0
008 - FIXED-LENGTH DATA ELEMENTS
- fixed length control field: 110803|||a|||||| | ||| d
040 ## - CATALOGING SOURCE
- Original cataloging agency: dpl
- Transcribing agency: dpl
100 ## - HEADING--PERSONAL NAME
- Personal name: Osho,
- Dates associated with a name: 1931-1990.
670 ## - SOURCE DATA FOUND
- Source citation: Work cat.: (dpl)54788: Satya Vedant, 1941- 31154, Osho, the luminous rebel :, 2010.
670 ## - SOURCE DATA FOUND
- Source citation: Work cat.: (dpl)54788: Satya Vedant, 1941- 31154, Osho, the luminous rebel :, 2010.
